|
|
|
|
| LEADER |
00000nam#a22000001a#4500 |
| 001 |
00014386 |
| 003 |
AR-BaUAD |
| 005 |
20230908141012.0 |
| 008 |
940913s1973####bu#a|||##||||||||#||bul|d |
| 040 |
|
|
|a AR-BaUAD
|b spa
|c AR-BaUAD
|
| 041 |
|
|
|a bul
|
| 044 |
|
|
|c bg
|2 ISO3166-1
|
| 100 |
1 |
|
|a Dinova, Vera
|
| 245 |
1 |
0 |
|a Jristo Zokev, pintor 1847-1883
|
| 260 |
|
|
|a Bulgaria :
|b El pintor búlgaro,
|c 1973
|
| 300 |
|
|
|a 231 p. :
|b il.
|
| 500 |
|
|
|a Cab. port.: Vera Dinova, Ruceva.
|
| 500 |
|
|
|a Texto y título en búlgaro.
|
| 653 |
|
|
|a ARTE
|
| 653 |
|
|
|a HISTORIA
|
| 653 |
|
|
|a ZOKEV, JRISTO
|
| 653 |
|
|
|a BULGARIA
|
| 655 |
|
|
|a TEXTO
|
| 852 |
|
|
|c 72-3
|
| 952 |
|
|
|0 0
|1 0
|4 0
|6 723
|7 0
|9 19977
|a AR-BaUAD
|b AR-BaUAD
|d 0000-00-00
|e donac. Inst. bibli.
|g 70.00
|i 14386
|l 0
|o 72-3
|p chf6514386
|r 2023-09-08 14:10:12
|w 2023-09-08
|y BK
|
| 990 |
|
|
|a Ej. No1 : 14386 . 17/10/1974 -- donac. Inst. bibli. -- (70 pesos).
|b ADM
|
| 990 |
|
|
|a A197
|b TD
|
| 990 |
|
|
|a SIGLO XIX
|b AC
|
| 990 |
|
|
|a AAQ00014386
|b CC
|
| 998 |
|
|
|a AAQ
|b Bibun 76
|
| 942 |
|
|
|c BK
|
| 999 |
|
|
|c 8524
|d 8524
|